=LDR 00000nam 2200000 4500 =001 INLIS000000000040077 =005 20130612145649 =008 ***********************************Ind** =035 ##$$0010-061300000040077 =041 ##$$a Ind =082 ##$$a 658.81 =090 ##$$a 658.81, Git d =100 ##$$a Gita, Virja Dharma =245 ##$$a Dari rindu order hingga kebanjiran order, Virja Dharma Gita =260 ##$$a 2009 $b Jakarta =300 ##$$a 147 hlm, ilus, 21 cm =650 ##$$a Manajemen penjualan =850 ##$$a NBPNMAT =990 ##$$a 01710171 =990 ##$$a 21106578